Актуальные вопросы физического воспитания и спортивной тренировки (Запись № 10211445)

Подробности
000 -МАРКЕР
контрольное поле 02838nam0a2200385 i 4500
001 - ИДЕНТИФИКАТОР ЗАПИСИ
контрольное поле RU\NLR\BIBL_A\010813075
005 - ИДЕНТИФИКАТОР ВЕРСИИ
контрольное поле 20260409074835.0
010 ## - МЕЖДУНАРОДНЫЙ СТАНДАРТНЫЙ НОМЕР КНИГИ (ISBN)
Номер (ISBN) 9785998405549
Тираж 86
021 ## - НОМЕР ГОСУДАРСТВЕННОЙ РЕГИСТРАЦИИ
Код страны Российская Федерация
Номер 2015-47250
Номер Листа государственной регистраци 2811
035 ## - ДРУГИЕ СИСТЕМНЫЕ НОМЕРА
Идентификатор записи (NILC)RuMoRGB-007963528
035 ## - ДРУГИЕ СИСТЕМНЫЕ НОМЕРА
Идентификатор записи (NLR Aleph) 010813075
100 ## - ДАННЫЕ ОБЩЕЙ ОБРАБОТКИ
Данные общей обработки 20150804d2014 km y0rusy50 ca
101 0# - ЯЗЫК РЕСУРСА
Язык текста, звукозаписи и т.д. русский
102 ## - СТРАНА ПУБЛИКАЦИИ ИЛИ ПРОИЗВОДСТВА
Страна публикации Российская Федерация
105 ## - ПОЛЕ КОДИРОВАННЫХ ДАННЫХ: ТЕКСТОВЫЕ МАТЕРИАЛЫ, МОНОГРАФИЧЕСКИЕ
Кодированные данные о монографическом текстовом документе a|||z||||11yy
200 1# - ЗАГЛАВИЕ И СВЕДЕНИЯ ОБ ОТВЕТСТВЕННОСТИ
Основное заглавие Актуальные вопросы физического воспитания и спортивной тренировки
Сведения, относящиеся к заглавию материалы Международной научно-практической конференции, посвященной 50-летию Кафедры физического воспитания и спорта ВлГУ, 13-14 декабря 2014 г., г. Суздаль
Первые сведения об ответственности [редкол.: Е. А. Репникова, к. п. н., доц. (отв. ред.) и др.]
210 ## - ПУБЛИКАЦИЯ, РАСПРОСТРАНЕНИЕ И ДР.
Место издания, распространения и т.д. Владимир
Имя издателя, распространителя и т. д. ВлГУ
Дата издания, распространения и т.д. 2014
215 ## - ФИЗИЧЕСКАЯ ХАРАКТЕРИСТИКА
Специфическое обозначение материала и объем 371 с.
Другие сведения о физической характеристике ил.
Размеры 21
300 ## - ОБЩИЕ ПРИМЕЧАНИЯ
Текст примечания В надзаг.: Евраз. ассоц. ун-тов, Координац. науч.-метод. центр кафедр физ. воспитания ун-тов, Федер. гос. бюджет. общеобразоват. учреждение высш. проф. образования "Владим. гос. ун-т им. Александра Григорьевича и Николая Григорьевича Столетовых", Ин-т физ. культуры и спорта
320 ## - ПРИМЕЧАНИЯ О НАЛИЧИИ В ДОКУМЕНТЕ БИБЛИОГРАФИИ / УКАЗАТЕЛЯ
Текст примечания Библиогр. в конце ст.
601 02 - НАИМЕНОВАНИЕ ОРГАНИЗАЦИИ КАК ПРЕДМЕТ
Начальный элемент ввода Владимирский государственный университет им. А. Г. и Н. Г. Столетовых
Структурное подразделение организации Кафедра физического воспитания и спорта
Формальный подзаголовок Съезды, совещания и т.п
Системный номер авторитетной/нормативной записи 2255677
Идентификатор авторитетной/нормативной записи RU\NLR\AUTH\6601582974
606 1# - НАИМЕНОВАНИЕ ТЕМЫ КАК ПРЕДМЕТ
Наименование темы Учащиеся
Формальный подзаголовок Съезды, совещания и т.п
Тематический подзаголовок Физическое воспитание
Системный номер авторитетной/нормативной записи 2464616
Идентификатор авторитетной/нормативной записи RU\NLR\AUTH\661464227
606 ## - НАИМЕНОВАНИЕ ТЕМЫ КАК ПРЕДМЕТ
Наименование темы Физическая культура и спорт
Формальный подзаголовок Съезды, совещания и т.п
Географический подзаголовок Российская Федерация
Системный номер авторитетной/нормативной записи 2226800
Идентификатор авторитетной/нормативной записи RU\NLR\AUTH\661336760
686 1# - ИНДЕКСЫ ДРУГИХ КЛАССИФИКАЦИЙ
Индекс Ч489.534(2Р)7
686 1# - ИНДЕКСЫ ДРУГИХ КЛАССИФИКАЦИЙ
Индекс Ч313.54я431
686 1# - ИНДЕКСЫ ДРУГИХ КЛАССИФИКАЦИЙ
Индекс Ч514(2Р)я431
702 #1 - ИМЯ ЛИЦА - ВТОРИЧНАЯ ОТВЕТСТВЕННОСТЬ
Начальный элемент ввода Репникова
Часть имени, кроме начального элемента ввода Е. А.
Расширение инициалов личного имени Елена Александровна
Код отношения Редактор
712 02 - НАИМЕНОВАНИЕ ОРГАНИЗАЦИИ - ВТОРИЧНАЯ ОТВЕТСТВЕННОСТЬ
Код отношения Прочие
Начальный элемент ввода Владимирский государственный университет им. А. Г. и Н. Г. Столетовых
Структурное подразделение Институт физической культуры и спорта
Системный номер авторитетной/нормативной записи 478043
Идентификатор авторитетной/нормативной записи RU\NLR\AUTH\880405697
801 #0 - ИСТОЧНИК ЗАПИСИ
Страна Российская Федерация
Организация РГБ
Дата составления 20150626
Правила каталогизации RCR
942 ## - ДОПОЛНИТЕЛЬНЫЕ ЭЛЕМЕНТЫ ЗАПИСИ (АБИС)
Тип экземпляра АБИС Книга
980 ## - КОЛЛЕКЦИЯ
Название коллекции НБР

Нет доступных экземпляров.